00514nam a22001817a 450000500170000000800410001702000180005804000210007604100080009708200130010510000270011824500760014525000120022126000330023330000100026665000320027670000240030820240827080651.0240827b |||||||| |||| 00| 0 eng d a9789358492590 aIN-DiNCcIN-DiNC deng a370bDEK aDeka, Nabanitaeauthor aSociological foundations of education/cby Nabanita Deka and Lokman Ali a1st ed. aDibrugarh:bBanalata,c2024. a473p. aEducation and socialization aAli, Lokmaneauthor